1466 1635 1652 1863 1846 1739 1638 1285 1982 1057 1641 1305 1436 1434 1635 1235 1146 1492 1761 1933 1854 1841 1522 1484 1232 1096 1694 1466 1085 1691 1212 1821 1796 1156 1667 1163 1761 1011 1130 1787 1036 1235 1285 1860 1601 1090 1477 1172 1224 1830 1417 1411 1997 1461 1919 1489 1132 1685 1425 1789 1096 1840 1791 1847 1340 1906 1668 1937 1741 1791 1646 1614 1003 1196 1844 1454 1865 1514 1305 1671 1036 1404 1894 1368 1738 1293 1438 1162 1206 1870 1345 1992 1618 1866 1866 1569 1112 1607 1313 BCNSPRNW ULIB Ver.6.0+V

เปลี่ยนเป็นภาษาไทย

Change to English
 แสดงรายละเอียดบรรณานุกรม
  กลับหน้าหลัก

Brief Record : Get Marc (ISO 2709) : E-mail record : QR code < ปิดหน้าต่าง
LEADER : 00000nam 2200000uu 4500
001    13399127543
003     ULIB
008    210118s2563||||th 000 0 tha d
020    ^a9786163984449
060 04 ^aWY159^bน785ก
100 0  ^aเนตรทอง นามพรม
245 00 ^aการพยาบาลทารกแรกเกิดและเด็กที่มีปัญหาสุขภาพเฉพาะ /^cเนตรทอง นามพรม
250    ^aพิมพ์ครั้งที่ 1
260    ^aเชียงใหม่ :^bสมาร์ทโคตติ้งแอนด์เซอร์วิส, ^c2563.
300 70 ^a190 หน้า :^bตารางประกอบ ;^c25 ซม.
650  4 ^aการพยาบาลกุมารเวชศาสตร์
650  4 ^aทารกแรกเกิด^xการดูแล
710 2  ^aมหาวิทยาลัยเชียงใหม่ ^bโครงการตำราคณะพยาบาลศาสตร์.
945    ^p200^l0^i28476
945    ^p200^l0^i28477
945    ^p200^l0^i28478
945    ^p200^l0^i28479
945    ^p200^l0^i28480
945    ^p200^l0^i28481
945    ^p200^l0^i28482
945    ^p200^l0^i28483
945    ^p200^l0^i28484
945    ^p200^l0^i28485
999    ^aกัณชพร จุลอักษร
รายการนี้ยังไม่มีแท็ก
คุณยังไม่ได้ล็อกอิน คุณสามารถมีกิจกรรมร่วมกับเว็บไซต์ได้ แต่ต้องล็อกอินก่อน ::
  ล็อกอิน

รายการสื่อสารสนเทศ

ลำดับที่ ประเภท เลขเรียก/บาร์โค้ด สถานที่ สถานะ
1. หนังสือสำรอง
หนังสือสำรอง
WY159 น785ก ฉ.1 
  Barcode: 28476
ห้องสมุดวิทยาเขตนครสวรรค์
►หนังสือทั่วไป:l:General Books
บนชั้น
2. วิทยาศาสตร์การแพทย์ และสุขภาพ
วิทยาศาสตร์การแพทย์ และสุขภาพ
WY159 น785ก ฉ.10 
  Barcode: 28485
ห้องสมุดวิทยาเขตนครสวรรค์
►หนังสือทั่วไป:l:General Books
บนชั้น
3. วิทยาศาสตร์การแพทย์ และสุขภาพ
วิทยาศาสตร์การแพทย์ และสุขภาพ
WY159 น785ก ฉ.2 
  Barcode: 28477
ห้องสมุดวิทยาเขตนครสวรรค์
►หนังสือทั่วไป:l:General Books
บนชั้น
4. วิทยาศาสตร์การแพทย์ และสุขภาพ
วิทยาศาสตร์การแพทย์ และสุขภาพ
WY159 น785ก ฉ.3 
  Barcode: 28478
ห้องสมุดวิทยาเขตนครสวรรค์
►หนังสือทั่วไป:l:General Books
บนชั้น
5. วิทยาศาสตร์การแพทย์ และสุขภาพ
วิทยาศาสตร์การแพทย์ และสุขภาพ
WY159 น785ก ฉ.4 
  Barcode: 28479
ห้องสมุดวิทยาเขตนครสวรรค์
►หนังสือทั่วไป:l:General Books
บนชั้น
6. วิทยาศาสตร์การแพทย์ และสุขภาพ
วิทยาศาสตร์การแพทย์ และสุขภาพ
WY159 น785ก ฉ.5 
  Barcode: 28480
ห้องสมุดวิทยาเขตนครสวรรค์
►หนังสือทั่วไป:l:General Books
ถูกยืม กำหนดส่งวันที่ 1 มีนาคม 2569
  จอง
7. วิทยาศาสตร์การแพทย์ และสุขภาพ
วิทยาศาสตร์การแพทย์ และสุขภาพ
WY159 น785ก ฉ.6 
  Barcode: 28481
ห้องสมุดวิทยาเขตนครสวรรค์
►หนังสือทั่วไป:l:General Books
บนชั้น
8. วิทยาศาสตร์การแพทย์ และสุขภาพ
วิทยาศาสตร์การแพทย์ และสุขภาพ
WY159 น785ก ฉ.7 
  Barcode: 28482
ห้องสมุดวิทยาเขตนครสวรรค์
►หนังสือทั่วไป:l:General Books
บนชั้น
9. วิทยาศาสตร์การแพทย์ และสุขภาพ
วิทยาศาสตร์การแพทย์ และสุขภาพ
WY159 น785ก ฉ.8 
  Barcode: 28483
ห้องสมุดวิทยาเขตนครสวรรค์
►หนังสือทั่วไป:l:General Books
บนชั้น
10. วิทยาศาสตร์การแพทย์ และสุขภาพ
วิทยาศาสตร์การแพทย์ และสุขภาพ
WY159 น785ก ฉ.9 
  Barcode: 28484
ห้องสมุดวิทยาเขตนครสวรรค์
►หนังสือทั่วไป:l:General Books
บนชั้น

รายการใกล้เคียง
    ผู้แต่ง [เนตรทอง นามพรม]

    หัวเรื่อง [การพยาบาลกุมารเวชศาสตร์]

BibComment


ยังไม่เคยถูกคอมเมนท์

คอมเมนท์ทรัพยากรรายการนี้
  คอมเมนท์: การพยาบาลทารกแรก..


 Copyright 2026. Bcnsprnw @Library